| 000 | 01107nam a2200229 a 4500 | ||
|---|---|---|---|
| 001 | BRCA_8718 | ||
| 005 | 20190320210358.0 | ||
| 008 | 080217s1773----sp-#######---#000-0#spa-# | ||
| 041 | _aspa | ||
| 044 | _asp | ||
| 084 |
_aBE59 _b.P58 1773 |
||
| 100 | 1 |
_aPluche, Noël Antoine _d1688-1761 _921346 |
|
| 245 | 1 | 0 |
_aEspectáculo de la naturaleza o conversaciones acerca de las particularidades de la historia natural, que han parecido más a propósito para excitar una curiosidad útil, y formarles la razón à los jóvenes lectores _cescrito en idioma francés por el abad M. Pluche ; y traducido al castellano. |
| 250 | _a3a ed. | ||
| 260 |
_aMadrid _bEn la Imprenta de Pedro Marin _c1773 |
||
| 300 |
_a[1], 358 p. (t.13) _bil., 14 h. plegables _c20.5 x 15 cm. |
||
| 500 | _aEstado físico : presenta lomo semi-desprendido, hojas manchadas, desprendimiento de una ilustración y aparición del pez de plata | ||
| 505 | 0 | _aContenido : t.13, pte.7. Que contiene lo que le pertenece al hombre en sociedad | |
| 650 | 1 | 4 |
_aCiencias naturales _yObras anteriores a 1800 _921347 |
| 902 | _aCFM | ||
| 942 |
_2lcc _cB |
||
| 999 |
_c8370 _d8370 |
||